[Event "GER CM03-B email"]
[Site "GER email"]
[Date "2016.06.26"]
[Round "?"]
[White "Masek, Jan"]
[Black "Yaroshenko, Yuri"]
[Result "1/2-1/2"]
[WhiteElo "2404"]
[BlackElo "2386"]
[PlyCount "118"]
[EventDate "2016.??.??"]
[EventType "tourn (corr)"]
[EventRounds "13"]
[EventCountry "GER"]
[SourceTitle "Corr 2020"]
[Source "ChessBase"]
[SourceDate "2019.09.30"]
[SourceVersion "1"]
[SourceVersionDate "2019.09.30"]
[SourceQuality "1"]

1. e4 e5 2. Nf3 Nc6 3. Bb5 Nf6 4. d3 Bc5 5. c3 0-0 6. 0-0 d6 7. h3 Ne7 8. d4 Bb6 9. Re1 d5 10. Nxe5 Nxe4 11. Nd2 Nd6 12. Ba4 c6 13. Nf1 Ng6 14. Ng3 Nxe5 15. dxe5 Nf5 16. Qf3 Nxg3 17. Qxg3 Bf5 18. Be3 Bxe3 19. Qxe3 Qb6 20. g4 Qxe3 21. Rxe3 Bg6 22. Rae1 a5 23. Bd1 Rfd8 24. f4 Bb1 25. a3 d4 26. cxd4 Rxd4 27. Bb3 Bd3 28. f5 Kf8 29. e6 fxe6 30. Rxe6 a4 31. Ba2 Bc4 32. Bxc4 Rxc4 33. Kf2 Rc2+ 34. R6e2 Rxe2+ 35. Rxe2 Rd8 36. Kf3 Rd3+ 37. Re3 Rxe3+ 38. Kxe3 Ke7 39. Kf4 h6 40. Ke5 Kf7 41. h4 Ke7 42. g5 h5 43. Kd4 Kd6 44. Ke4 c5 45. Kf4 b5 46. Ke4 b4 47. Kd3 Kd5 48. f6 gxf6 49. g6 Ke6 50. Kc4 f5 51. Kxc5 b3 52. Kd4 Kf6 53. Kd5 Kxg6 54. Ke5 f4 55. Kxf4 Kf6 56. Ke4 Ke6 57. Kf4 Kd5 58. Kg5 Kd4 59. Kxh5 Kd3 1/2-1/2

[Event "GER CM03-B email"]
[Site "GER email"]
[Date "2016.06.26"]
[Round "?"]
[White "Podvoysky, Evgeny Borisovich"]
[Black "Yaroshenko, Yuri"]
[Result "1/2-1/2"]
[WhiteElo "2374"]
[BlackElo "2386"]
[PlyCount "72"]
[EventDate "2016.??.??"]
[EventType "tourn (corr)"]
[EventRounds "13"]
[EventCountry "GER"]
[SourceTitle "Corr 2017"]
[Source "ChessBase"]
[SourceDate "2017.09.19"]
[SourceVersion "1"]
[SourceVersionDate "2017.09.19"]
[SourceQuality "1"]

1. e4 c5 2. Nf3 d6 3. d4 cxd4 4. Nxd4 Nf6 5. Nc3 a6 6. h3 e5 7. Nde2 h5 8. g3 Nbd7 9. Bg5 Be7 10. a4 Nc5 11. Bg2 Be6 12. 0-0 0-0 13. b3 Rc8 14. a5 Re8 15. Ra2 Qc7 16. Qd2 Nh7 17. Bxe7 Qxe7 18. Rd1 h4 19. f4 Nxb3 20. cxb3 Bxb3 21. Nd5 Qd8 22. Rf1 Bxa2 23. Qxa2 Rc5 24. fxe5 Rxe5 25. Nd4 hxg3 26. Qb3 Qxa5 27. Qxg3 Qd2 28. Nf5 Qg5 29. Qf3 Rc2 30. Kh1 Nf6 31. h4 Qxg2+ 32. Qxg2 Rxg2 33. Nxf6+ gxf6 34. Kxg2 Rxe4 35. Nxd6 Rxh4 36. Nxb7 Rg4+ 1/2-1/2

[Event "GER CM03-B email"]
[Site "GER email"]
[Date "2016.06.26"]
[Round "?"]
[White "Yaroshenko, Yuri"]
[Black "Krzyzanowski, Antoni"]
[Result "1/2-1/2"]
[WhiteElo "2386"]
[BlackElo "2377"]
[PlyCount "105"]
[EventDate "2016.??.??"]
[EventType "tourn (corr)"]
[EventRounds "13"]
[EventCountry "GER"]
[SourceTitle "Corr 2017"]
[Source "ChessBase"]
[SourceDate "2017.09.19"]
[SourceVersion "1"]
[SourceVersionDate "2017.09.19"]
[SourceQuality "1"]

1. d4 f5 2. g3 Nf6 3. Bg2 g6 4. Nf3 Bg7 5. 0-0 0-0 6. c4 d6 7. Nc3 Qe8 8. Re1 Qf7 9. e4 fxe4 10. Nxe4 Nc6 11. d5 Nxe4 12. Rxe4 Ne5 13. Rf4 Nxf3+ 14. Rxf3 Qe8 15. Qe2 Rxf3 16. Bxf3 e5 17. dxe6 Bxe6 18. Bf4 Qf7 19. Rc1 c6 20. Bg2 Rd8 21. b3 Bf8 22. h3 Re8 23. Qd2 d5 24. cxd5 Bxd5 25. Bxd5 Qxd5 26. Qxd5+ cxd5 27. Rc7 Re7 28. Rc8 Kf7 29. Be3 b6 30. Rd8 Re5 31. Kf1 Bc5 32. Bf4 Rf5 33. Ke2 g5 34. Be3 d4 35. Bd2 d3+ 36. Kxd3 Rf3+ 37. Ke4 Rxf2 38. Bxg5 Rxa2 39. h4 Rb2 40. Rd7+ Kg6 41. Bf4 Re2+ 42. Kd3 Re7 43. Rd5 Re1 44. Rg5+ Kf7 45. Rh5 Kg8 46. Rf5 Rd1+ 47. Kc4 a6 48. Rf6 Rd4+ 49. Kc3 a5 50. Rf5 Rb4 51. h5 a4 52. bxa4 Rxa4 53. Rd5 1/2-1/2